Southville International School and Colleges
Your cart is empty.
  • Cart
  • Lists
    Public lists Eva Luna New books Lux_list list_1
    Your lists Log in to create your own lists
  • Log in to your account
  • Your cookies
  • Search history
Southville International School and Colleges
  • Advanced search
  • Recent comments
  • Most popular
  • Libraries

Log in to your account

Log in with GOOGLE


If you do not have an external account, but do have a local account, you can still log in:

  1. Home
  2. MARC view: I'll be home for christmas /
Normal view MARC view ISBD view

I'll be home for christmas / (Record no. 288844)

[ view plain ]
MARC details
000 -LEADER
fixed length control field 00436nam a22001577a 4500
003 - CONTROL NUMBER IDENTIFIER
control field PILC
005 - DATE AND TIME OF LATEST TRANSACTION
control field 20151012102124.0
008 - FIXED-LENGTH DATA ELEMENTS--GENERAL INFORMATION
fixed length control field 151012b xxu||||| |||| 00| 0 eng d
020 ## - INTERNATIONAL STANDARD BOOK NUMBER
International Standard Book Number 9780743442275
050 ## - LIBRARY OF CONGRESS CALL NUMBER
Classification number PZ 7
Item number .M647 2006
100 ## - MAIN ENTRY--PERSONAL NAME
Personal name Miller, Linda Lael.
245 ## - TITLE STATEMENT
Title I'll be home for christmas /
Statement of responsibility, etc Linda Lael Miller.
260 ## - PUBLICATION, DISTRIBUTION, ETC. (IMPRINT)
Place of publication, distribution, etc New York :
Name of publisher, distributor, etc Pocket books,
Date of publication, distribution, etc 2006.
300 ## - PHYSICAL DESCRIPTION
Extent v, 421pages ;
Dimensions 19 cm.
942 ## - ADDED ENTRY ELEMENTS (KOHA)
Source of classification or shelving scheme Library of Congress Classification
Koha item type Books
Call number prefix Foreign
Holdings
Withdrawn status Lost status Source of classification or shelving scheme Damaged status Home library Current library Shelving location Date acquired Source of acquisition Sub Shelving location Total Checkouts Full call number Barcode Date last seen Price effective from Koha item type
    Library of Congress Classification   College Library College Library Fiction Section 10/12/2015 Donation     PZ 7 .M647 2006 C20168 05/08/2018 10/12/2015 Books

I'll be home for christmas /

APA

Miller L. L., . (2006). I'll be home for christmas. New York: Pocket books.

Chicago

Miller Linda Lael, . 2006. I'll be home for christmas. New York: Pocket books.

Harvard

Miller L. L., . (2006). I'll be home for christmas. New York: Pocket books.

MLA

Miller Linda Lael, . I'll be home for christmas. New York: Pocket books. 2006.

  • Place hold
  • Print
  • Cite
  • Add to your cart (remove)
  • Save record
    BIBTEX Dublin Core MARCXML MARC (non-Unicode/MARC-8) MARC (Unicode/UTF-8) MARC (Unicode/UTF-8, Standard) MODS (XML) RIS
  • More searches
    Search for this title in:
    Other Libraries (WorldCat) Other Databases (Google Scholar) Online Stores (Bookfinder.com) Open Library (openlibrary.org)

Exporting to Dublin Core...

SOUTHVILLE LIBRARY

Southville International School and Colleges Library

1281 Tropical Ave. Cor. Luxembourg St., BF Homes International, Las Pinas City

Tel. No. 8256374 / 252358 Loc. 117/146

Powered by Koha